| 000 | 00859cam a22002417a 4500 | ||
|---|---|---|---|
| 003 | OSt | ||
| 005 | 20150708165705.0 | ||
| 008 | 150414s2015 spco ||| l000 0 cat|d | ||
| 017 | _aDL B 27807-2015 | ||
| 020 | _a9788498506563 (Ajuntament de Barcelona) | ||
| 020 | _a9788494247521 (Meteora) | ||
| 040 |
_bcat _cCDMR |
||
| 100 | 1 |
_aLuján, Nèstor _d1922-1995 _92974 |
|
| 245 | 1 | 3 |
_aLa Barcelona dels tramvies i altres textos _cNèstor Luján |
| 260 |
_aBarcelona _bMeteora : _bAjuntament de Barcelona _c2015 |
||
| 300 |
_a237 p. ; _c22 cm |
||
| 500 | _aA la portada: Selecció d'articles, dietari i apunts a Cura de Jordi Amat i Agustí Pons | ||
| 600 | 1 | 0 |
_aLuján, Nèstor _d1922-1995 _92974 _vRecull d'escrits |
| 651 | 4 |
_aBarcelona (Catalunya) _xHistòria |
|
| 700 | 1 |
_aAmat, Jordi _d1978- _94555 |
|
| 700 | 1 |
_aPons, Agustí _d1947- _92195 |
|
| 942 | _cMON | ||
| 999 |
_c6875 _d6875 |
||